Countries That End in STAN - Statistics

General Stats
  • This quiz has been taken 68 times
  • The average score is 6 of 7
Answer Stats
Answer % Correct
Afghanistan
93%
Pakistan
92%
Turkmenistan
92%
Kazakhstan
90%
Kyrgyzstan
90%
Tajikistan
90%
Uzbekistan
88%
No matching quizzes found
Score Distribution
Percent of People with Each Score
Percentile by Number Answered
Your Score History
You have not taken this quiz